Statistics for Formula 1 drivers that scored points in three different point systems

Click here to take the quiz!

General Stats

  • This quiz has been taken 20 times
  • The average score is 4 of 8

Answer Stats

Answer% Correct
Michael Schumacher
100%
Kimi Räikkönen
90%
Rubens Barrichello
70%
Jenson Button
65%
Mark Webber
50%
Felipe Massa
35%
Nick Heidfeld
20%
Pedro De La Rosa
5%

Score Distribution

Percentile by Number Answered

Percent of People with Each Score

Your Score History

You have not taken this quiz